000 01070nam a22003377a 4500
003 CHAP
005 20220817042429.0
008 971013s1955 r 00010 d
010 _a44480
011 _a45452
035 _a49591
040 _cCHAP
090 _aFolleto 1870
110 _aFAO
245 _aPiscicultura agrícola y administración de la pesca continental en la economía rural
260 _aRoma :
_bFAO,
_c1955
300 _a65 p.
_b: ilus.
490 _aFAO. Estudio sobre pesca
_v; 3
590 _aBATCH-UPD
_b10
_c20130110
_lUCH01
_h1929
590 _aBATCH-UPD
_b10
_c20130410
_lUCH01
_h1254
590 _aBATCH-UPD
_b10
_c20130914
_lUCH01
_h1915
590 _aCONVERSION
_b10
_c20130109
_lUCH01
_h1324
650 1 4 _aAgricultura
_xAspectos económicos.
650 1 4 _aPiscicultura.
_988531
700 0 _aSchuster, W. H.
_9103258
830 0 _aFAO. Estudio sobre pesca
_v; 3
_939544
901 _aBK
942 _cFOLL
949 _aFolleto 1870
_bBC
_cFAO
_d-111823
_eFAO1
_i49591
_si
949 _aFolleto 1870
_bBC
_cFAO
_d-111824
_eFAO2
_fc.2
_i49591
_si
999 _c44480
_d44480